Plus grandes villes du Chili - Statistiques

Statistiques générales
  • Ce quiz a été pris 93 fois
  • Le résultat moyen est 5 sur 10
Statistiques - réponses
Rang Nombre d'habitant·e·s Réponse % Correct
1 7116706 Santiago
100%
2 1054253 Valparaíso
83%
5 441211 Antofagasta
53%
3 1036142 Concepción
53%
4 534239 La Serena - Coquimbo
51%
6 392794 Temuco
44%
9 328924 Puerto Montt
43%
7 370877 Iquique
39%
10 307931 Talca
21%
8 335932 Rancagua
10%
Aucun quiz correspondant
Distribution des résultats
% des personnes avec chaque résultat
Percentile par nombre de réponses
Votre historique - résultats
Vous n’avez pas pris ce quiz